Henry James : the later novels /

Bibliographic Details
Main Author: Macnaughton, William R., 1939-
Format: Book
Language:English
Published: Boston : Twayne Publishers, [1987]
Series:Twayne's United States authors series ; TUSAS 521.
Subjects:

MARC

Tag First Indicator Second Indicator Subfields
LEADER 00000cam a22000008a 4500
001 in00000008897
005 20151004060014.0
008 870601s1987 mau b 00110 eng
010 |a  87015030  
020 |a 0805775056 
035 |a (OCoLC)16088484 
035 |9 AAA1309AM 
040 |a DLC  |c DLC  |d m/c  |d TXA  |d UtOrBLW 
049 |a TXAM  |c [A12618997] 
050 0 0 |a PS2124  |b .M267 1987 
082 0 |a 813/.4  |2 19 
100 1 |a Macnaughton, William R.,  |d 1939- 
245 1 0 |a Henry James :  |b the later novels /  |c by William R. Macnaughton. 
264 1 |a Boston :  |b Twayne Publishers,  |c [1987] 
264 4 |c ©1987 
300 |a 154 pages 
336 |a text  |b txt  |2 rdacontent 
337 |a unmediated  |b n  |2 rdamedia 
338 |a volume  |b nc  |2 rdacarrier 
490 1 |a Twayne's United States authors series ;  |v TUSAS 521 
504 |a Bibliography: pages 146-149. 
500 |a Includes index. 
600 1 0 |a James, Henry,  |d 1843-1916  |x Criticism and interpretation. 
830 0 |a Twayne's United States authors series ;  |v TUSAS 521. 
999 |a MARS 
999 f f |s b3fd516c-95a6-39dd-bd06-3998a8939dd5  |i eb31449c-0f7e-302d-abfa-66d68508b3f6  |t 0 
952 f f |p ric  |a Texas A&M University  |b Rellis Campus  |c Joint Library Facility  |d Remote Storage  |t 0  |e PS2124 .M267 1987  |h Library of Congress classification  |i unmediated -- volume  |m A14829002694 
998 f f |a PS2124 .M267 1987  |t 0  |l Remote Storage